| 000 | 00566cam a2200217 4500 | ||
|---|---|---|---|
| 001 | 279327 | ||
| 005 | 20180220041323.0 | ||
| 008 | 700523s1964 mdua b 001 0 eng | ||
| 010 | _a 64018738 | ||
| 040 |
_aDLC _cDLC _dDLC |
||
| 041 | _aeng | ||
| 080 | _a611.01 | ||
| 082 | 0 | 0 | _a611.018 COP |
| 100 | 1 | _a9 | |
| 101 | _aHIST | ||
| 245 | 1 | 0 |
_aBailey's textbook of histology. _cRev. by Wilfred M. Copenhaver. |
| 504 | _aIncludes bibliographies. | ||
| 740 | 0 | _aTextbook of histology. | |
| 906 |
_a7 _bcbc _corignew _du _encip _f19 _gy-gencatlg |
||
| 942 |
_2ddc _cBK |
||
| 999 |
_c42891 _d42891 |
||